Államalapítás-kori politikai és katonai akciók tükröződése néhány hazai helynevünkben (Zoltán - Ajtony)

Elmentve itt :
Bibliográfiai részletek
Szerző: Huczek Lajosné
További közreműködők: Szegfű László (Témavezető)
Dokumentumtípus: Szakdolgozat
Megjelent: 1983
Tárgyszavak:
Online Access:http://diploma.bibl.u-szeged.hu/89169
LEADER 00653nta a2200169 i 4500
001 dipl89169
005 20200908122025.0
008 200904s1983 hu om 0|| zxx d
040 |a SZTE Diploma Repozitórium  |b hun 
041 |a zxx 
100 1 |a Huczek Lajosné 
245 1 0 |a Államalapítás-kori politikai és katonai akciók tükröződése néhány hazai helynevünkben (Zoltán - Ajtony)  |h [elektronikus dokumentum] /  |c Lajosné Huczek 
260 |c 1983 
650 4 |a Bölcsészettudományok 
650 4 |a Medieval history 
700 1 |a Szegfű László  |e ths 
856 4 0 |u http://diploma.bibl.u-szeged.hu/id/eprint/89169/1/1983_huczek_lajosne.pdf  |z Dokumentum-elérés